La lectura comprensiva en el currículo escolar : educación primaria y educación secundaria obligatoria /

Guardado en:
Autor Principal: Arellano Hernández, Santiago
Formato: Libro
Publicado: Madrid : Blitz Ratón de Biblioteca, 2002
Series:Amarilla
Materias:
Etiquetas: Agregar Etiqueta
Sin Etiquetas, Sea el primero en etiquetar este registro!
LEADER 00659nam a22002055a 4500
001 CEM.cems013955
008 130507s2002##################000#0#####d
005 20210705093714.0
003 CEMS
245 1 0 |a La lectura comprensiva en el currículo escolar :  |b educación primaria y educación secundaria obligatoria /  |c Santiago Arellano Hernández 
260 |a Madrid :  |b Blitz Ratón de Biblioteca,  |c 2002 
300 |a 40 p. 
490 0 |a Amarilla 
590 |a 1094.013 
020 |a 8423522911 
100 1 |a Arellano Hernández, Santiago 
653 |a Educación 
653 |a Lectura 
653 |a Biblioteca TC 
859 |a CEMS  |b BIB. CEMS - 11 de abril  |h TC  |p 1094.013  |t Ej.1